Kliknij powiaty województwa kujawsko-pomorskiego na mapie - Statystyki

Ogólne statystyki
  • Ten quiz został rozwiązany 1 880 razy
  • Średni wynik to 15 z 23
Odpowiedzi na mapie
Odpowiedzi zakodowano w zielono-czerwonej skali na mapie do tego quizu, zgodnie z poniższymi procentami.
 
Statystyki odpowiedzi
Odpowiedź % Poprawnych
bydgoski
91%
toruński
91%
Bydgoszcz
90%
Toruń
88%
Grudziądz
84%
grudziądzki
83%
Włocławek
82%
włocławski
81%
tucholski
65%
inowrocławski
62%
nakielski
62%
świecki
60%
brodnicki
57%
żniński
56%
chełmiński
55%
sępoleński
55%
aleksandrowski
54%
lipnowski
53%
mogileński
49%
rypiński
49%
wąbrzeski
49%
golubsko-dobrzyński
48%
radziejowski
48%
Nie znaleziono quizów pasujących do podanych kryteriów
Rozkład punktacji
Procent ludzi z każdym wynikiem
Percentyl według liczby udzielonych odpowiedzi
Twoja historia wyników
Nie rozwiązałeś tego quizu